10 Most Stable Countries in Asia - Statistics

General Stats
  • This quiz has been taken 238 times
  • The average score is 8 of 10
Answer Stats
Score Country % Correct
34.3 Japan
100%
33.7 South Korea
97%
28.1 Singapore
93%
40.1 United Arab Emirates
88%
45.4 Qatar
87%
53.2 Kuwait
78%
50.0 Oman
74%
57.5 Brunei
68%
54.1 Mongolia
59%
57.8 Cyprus
46%
No matching quizzes found
Score Distribution
Percent of People with Each Score
Percentile by Number Answered
Your Score History
You have not taken this quiz